| 000 | 00431nam a22001577a 4500 | ||
|---|---|---|---|
| 003 | OSt | ||
| 008 | 250227b |||||||| |||| 00| 0 eng d | ||
| 020 | _a9788197978579 | ||
| 100 | _aVERMA, Dinesh C | ||
| 245 | _aTransformative Intelligence : The Convergence of AI and ML Technologies | ||
| 260 |
_aNew Delhi _bNaples Indian _c2024. |
||
| 300 | _a341p. | ||
| 650 | _aFaculty Publication | ||
| 700 | _aNish | ||
| 942 |
_2ddc _cBK |
||
| 999 |
_c13157 _d13157 |
||